Responses for Show #1050 - Friday, March 10, 1989

Alex enters wearing a hard hat, explaining it is to protect himself against items falling from the rafters, as a chain and an electric wire had fallen the previous show.

Contestants

Claude Coller, a teacher from Lorain, Ohio

Sandi Kamenir, an attorney from North Hollywood, California

Paul Mathless, an editor from Washington, D.C. (whose 1-day cash winnings total $18,200)

[next game >>]

Jeopardy! Round responses

HOLIDAYS & OBSERVANCES
THE 50 STATES
MAMMALS
4-LETTER WORDS
POTENT POTABLES
GONE WITH THE WIND
    $100 19
(Claude: What is Friday?)

Sunday

Claude
Triple Stumper
    $100 1
Alabama

Paul
    $100 14
(Paul: What is a peacock?)

a porcupine

PaulSandi
    $100 15
bask

Paul
    $100 3
honey

Claude
    $100 5
Rhett Butler

Sandi
    $200 20
Carnival

Claude
    $200 2
Massachusetts

Claude
    $200 17
aardvark (or aardwolf)

Paul
    $200 16
slip

Claude
    $200 4
Jamaica

Sandi
    $200 6
Atlanta

Claude
    $700 21
Mother's Day

Claude
    $300 9
(Claude: What is Kentucky?)

North Carolina

PaulClaude
    $300 24
(Alex: We've got a minute to go.)

jackass

Claude
    $300 18
a file

Claude
    $300 7
wine

Paul
    $300 8
(F. Scott) Fitzgerald

Paul
    $400 22
lighting a candle

Claude
    $400 10
Maine

Claude
    $400 25
(Paul: What is in a pocket?)
(Alex: Be more specific.)

his mother's pocket

Paul
    $400 27
slop

Triple Stumper
    $400 29
[The end-of-round signal sounds.]

(Irish) cream

Sandi
    $400 12
the director

Sandi
    $500 23
January & February

Paul
    $500 11
Wisconsin (or Indiana)

Paul
    $500 26
(Claude: What are elk?)

caribou

PaulClaude
    $500 28
ecru

Sandi
    $500 13
David O. Selznick

Claude

Scores at the first commercial break (after clue 15):

Paul Sandi Claude
$1,500 $800 $1,100

Scores at the end of the Jeopardy! Round:

Paul Sandi Claude
$3,100 $1,700 $2,600

Double Jeopardy! Round responses

AMERICAN HISTORY
AWARDS
OPERA
WORLD GEOGRAPHY
FAMOUS NAMES
IN THE OCEAN
    $200 3
the Bay of Pigs

Sandi
    $200 14
(Paul: What is Heinz?)

French's

Paul
Triple Stumper
    $200 16
marriage

Claude
    $200 1
(the top of) Mount Everest

Sandi
    $200 2
Wayne Gretzky

Paul
    $200 18
(Paul: What is a seahorse?)

a sea cucumber

Paul
Triple Stumper
    $400 10
the Black Muslims

Paul
    $400 15
the Heisman Award

Claude
    $400 17
Oedipus

Sandi
    $400 4
Saigon

Paul
    $400 6
Lily Tomlin

Sandi
    $800 19
(Sandi: What is an eel?)
(Alex: ...now's the time for that little sucker.)

the seahorse

Sandi
    $600 11
Huey Long

Paul
    $600 24
(Alex: That's right, it's an off-Broadway award.)

an Obie

Sandi
    $500 21
(Alex: We've got a minute to go.)

Paris

Sandi
    $600 5
Gaza

Sandi
    $600 9
(Paul: Who is Jack Nicklaus?)

Arnold Palmer

PaulClaude
    $600 20
(Claude: What are salmon?)
...
(Alex: Sandi, you're gonna hate yourself on this one, "What are [*]?)
[Laughter]
(Alex: We seem to be one response behind on all of these.)

eels

Claude
Triple Stumper
    $800 12
(Claude: What were copies of Uncle Tom's Cabin?)

Sharps rifles

Claude
Triple Stumper
    $800 23
the Lincoln Center

Paul
    $800 7
(Sandi: What is Thames?)

Tyne

PaulSandi
    $800 22
Paul Harvey

Triple Stumper
    $1000 13
(Alex: Not fast enough, Claude, both pistols misfired.)

Andrew Jackson

Triple Stumper
    $1000 8
the Canary Islands

Sandi
    $1000 25
[The end-of-round signal sounds.]

Armand Hammer

Sandi

Scores at the end of the Double Jeopardy! Round:

Paul Sandi Claude
$5,300 $5,000 $2,400

[wagering suggestions for these scores]

Final Jeopardy! Round responses

ORGANIZATIONS
ClaudeWhat is Salvation Army?
$2,395
SandiWhat is the Salvation Army
$4,900
PaulWhat is the YWCA
$4,800
the YWCA (the Young Women's Christian Association)

Final scores:

Paul Sandi Claude
$10,100 $100 $5
2-day champion: $28,300 2nd place: trip on Eastern to Freeport, Bahamas & stay at Xanadu Beach & Marina Resort 3rd place: Greif Companies his & hers clothing

Game dynamics:

Coryat scores:

Paul Sandi Claude
$5,300 $5,900 $2,000
16 R,
4 W
15 R
(including 1 DD),
2 W
(including 1 DD)
14 R
(including 1 DD),
5 W

Combined Coryat: $13,200

[game clues] [game scores] [suggest correction]

Game tape date: 1988-11-28
The J! Archive is created by fans, for fans. Scraping, republication, monetization, and malicious use prohibited; this site may use cookies and collect identifying information. See terms. The Jeopardy! game show and all elements thereof, including but not limited to copyright and trademark thereto, are the property of Jeopardy Productions, Inc. and are protected under law. This website is not affiliated with, sponsored by, or operated by Jeopardy Productions, Inc. Join the discussion at JBoard.tv.